| 000 | 00445nam a2200181 a 4500 | ||
|---|---|---|---|
| 001 | 13549 | ||
| 003 | CO-ViMGA | ||
| 008 | 141112s2004 ck r 000 u spa d | ||
| 020 | _a9681327977 | ||
| 040 |
_aCO-ViMGA _bspa _cCO-ViMGA |
||
| 082 | 0 | 4 | _a363.7282 M241g |
| 100 | 1 |
_aMcHarry, Jan _919754 |
|
| 245 | 1 | 0 | _aLa gran aventura del reciclaje |
| 260 |
_aMexico : _bDiana, _c1995 |
||
| 300 | _a10 | ||
| 650 | 1 | 4 |
_aRECICLAJE _949608 |
| 942 |
_2ddc _cBK |
||
| 999 |
_c24274 _d24274 |
||